000 00603nam a22001817a 4500
003 OSt
005 20250930040049.0
008 250930b |||||||| |||| 00| 0 eng d
020 _a0-89862-128-3
040 _aDWCL-Main lib
_cOC
082 _aCirc. 616.89 G795 1995
100 _aGreenberger, D.
245 _aMind over mood :
_bchange how you feel by changing the way you think
260 _aNew York :
_bGuilford Press,
_cc1995
300 _axi, 215 pages :
_c 28 cm.
700 _aChristine A, Padesky
942 _2ddc
_cBK-CIRC
_hCirc. 616.89 G795 1995
_kCirc.
_n0
999 _c4564
_d4564